Beverage quality and safety (Record no. 8633)

000 -LEADER
fixed length control field 00230nam a22001097a 4500
040 ## - CATALOGING SOURCE
Transcribing agency HS
082 ## - DEWEY DECIMAL CLASSIFICATION NUMBER
Classification number 663
100 ## - MAIN ENTRY--AUTHOR NAME
Personal name TAMMY FOSTER
245 ## - TITLE STATEMENT
Title Beverage quality and safety
260 ## - PUBLICATION, DISTRIBUTION, ETC. (IMPRINT)
Place of publication New York
Name of publisher TAMMY FOSTER
Year of publication 2003
942 ## - ADDED ENTRY ELEMENTS (KOHA)
Koha item type សៀវភៅភាសាអង់គ្លេស
952 ## - LOCATION AND ITEM INFORMATION (KOHA)
Withdrawn status [LOCAL, KOHA] 0
952 ## - LOCATION AND ITEM INFORMATION (KOHA)
Withdrawn status [LOCAL, KOHA] 0
Holdings
Permanent Location Date acquired Koha item type Lost status Shelving location Barcode Current Location Full call number
Library Block C2016-08-08សៀវភៅភាសាអង់គ្លេស C237RUA045946Library Block C663 TAM 2003 C237
Library Block C2016-10-12សៀវភៅភាសាអង់គ្លេស C237A01444Library Block C663 TAM 2003 C237
មជ្ឈមណ្ឌលឯការនៃសាកលវិទ្យាល័យភូមិន្ទកសិកម្មចំការដូង

Powered by Koha